| 000 | 00491nam a2200169Ia 4500 | ||
|---|---|---|---|
| 999 |
_c26475 _d26475 |
||
| 003 | OSt | ||
| 005 | 20201123124326.0 | ||
| 008 | 190216s9999||||xx |||||||||||||| ||und|| | ||
| 040 | _coclc | ||
| 082 |
_a920 _bNAI/H |
||
| 100 |
_aNair, K Gopinathan _96687 |
||
| 245 | 0 |
_aJ B S Haldean / _cK Gopinathan Nair |
|
| 260 |
_bKerala Sastra Sahitya Parishath, _aThrissur: _c1989. |
||
| 300 | _a216p | ||
| 650 | _aJeeva Charithram | ||
| 942 |
_cBK _2ddc _h920 _iNAI/H _k920 _mNAI/H |
||